| 000 | 00899cam a2200253 i 4500 | ||
|---|---|---|---|
| 003 | SA-RiAUC | ||
| 005 | 20250731061349.0 | ||
| 008 | 250731s1997 ua g 00000 ara c | ||
| 040 |
_aSA-RiAUC _bara _cSA-RiAUC _erda |
||
| 082 | 0 | 4 | _a259 |
| 090 |
_a259 _bا س م |
||
| 100 | 1 |
_aإسماعيل، محمد بكر، _d1936-2006 _eمؤلف. |
|
| 245 | 1 | 0 |
_aبين السائل و الفقيه / _cمحمد بكر إسماعيل. |
| 250 | _aالطبعة الثانية. | ||
| 264 | 1 |
_aالقاهرة : _bدار المنار للطبع و النشر، _c1997 |
|
| 300 |
_a6 مجلد ؛ _c24سم |
||
| 336 |
_aنص _btxt _2rdacontent _3كتاب |
||
| 337 |
_aبدون وسيط _bn _2rdamedia |
||
| 338 |
_aمجلد _bnc _2rdacarrier |
||
| 650 | 7 |
_aالفقه الإسلامي _2aucsh |
|
| 650 | 7 |
_aالفقه الإسلامي _2aucsh |
|
| 942 |
_2ddc _cBOOK _n0 |
||
| 949 |
_aSA-JeALM _d250731 _ueid123 _n1 |
||
| 999 |
_c10399 _d10399 |
||